PMMP:n kappaleita lyriikoiden mukaan - Statistics

Yleistilastot
  • Tätä visaa on pelattu 195 kertaa
  • Keskiarvotulos 8 / 12
Vastaustilastot
Sanat Kappale % Oikein
Helvetin Hyvin Menee Sä kysyt multa miksi oon vihainen Ja ikkunasta puluille kiroilen Rusketusraidat
97%
Minä odotan täällä tunnelissa jossa Valo kylmä hohtaa Jossa pimeän koirat ulvoen tuon Kirkkauden kuoron kohtaa Lautturi
95%
Voit sanoa mit haluat, Se ei tunnu se ei kosketa Mene vaan mene vaan Joutsenet
86%
Kamat kyydissä on etupenkkipaikasta riitaa Otin yhden kasetin Juholla on kuitenkin liikaa Matkalaulu
86%
Sanot, että joskus vuosien päästä meillä on aikaa Niin paljon, että voidaan heittäytyä siihen kellumaan Viedään kaksoset Turun linnaan Oo siellä jossain mun
75%
Aamulla tuntuu raskaalta pää Hiivin kun en haluu herättää Sulla aikaa jäädä lepäämään Vapaapäivä Joku raja
71%
Kukaan ei tule kuitenkaan Jään hetkeksi tähän istumaan En voi mennä uloskaan vielä Olisin mykkä ja voimaton siellä Päiväkoti
69%
Sulla on ylitöitä ja pää on kipeä Kun riittää tekosyitä niin ei vaan lipeä Sun ei tee ikinä mieli, muhun koske et millään Pariterapiaa
55%
Piirongin päällä vanha koulukuva Hopeareunainen ja haalistuva Kuvaaja tahtoi saada kaikki hymyilemään Kovemmat kädet
54%
Taas sanottu on liikaa: Se kaikki paha, mikä kasvaa Sun mahanpohjassa ja kai sydämessä sittenkin Henkilökohtaisesti
41%
Se kesä siis oli viimeinen
Ja me tiedettiin: se loppuu niin
Verivala tehtiin
Kesä -95
38%
On mulla asiat joskus osuneet kohdalleen Se saattoi vahinko olla Eikä tapahdu uudelleen Tässä elämä on
35%
Ehtoja vastaavia visoja ei löytynyt
Tulosjakauma
Jokaisen tuloksen saaneiden osuus
Persentiili vastausten määrän mukaan
Tuloshistoriasi
Et ole pelannut tätä visaa